000 00442nam a2200145Ia 4500
008 230917s9999||||xx |||||||||||||| ||und||
040 _e220531
_aMAIN
041 _aEnglish
082 _a512.23 C322R
100 _aCeccherini-Silberstein, Tullio
245 0 _aRepresentation theory and harmonic analysis of wreath products of finite groups
260 _aCambridge
_bCambridge University Press
_c2014
300 _axii, 163 p.
942 _cBK
999 _c166138
_d166138